000 00274nam a22001217a 4500
008 171107b xxu||||| |||| 00| 0 eng d
041 _aeng
080 _25TH
_a330.722.6
100 _a62
101 _aKON
245 _aMANAGEMENT ACCOUNTING
_cATKINSON,A.A
942 _2udc
_cBK
999 _c38001
_d38001